00774nac a22002171u 4500010001600000020001500016082001800031090001300049100003400062245008400096260004600180300004000226500002000266650004500286650002300331650002600354700001800380942002000398999001300418952012500431 a 00111648 a073571102X a005.72bN6691 c158d158 aNielsen, Jakob, 10aHomepage usability :b50 websites deconstructed /cJakob Nielsen & Marie Tahir. a[Indianapolis, IN] :bNew Riders,cc2002. axiii, 315 p. :bcol. ill. ;c26 cm. aIncludes index. 0aBusiness enterprisesxComputer networks. 0aWeb sitesxDesign. 0aWeb site development.1 aTahir, Marie. cBBk005.72N6691 c158d158 00104070aMAINbMAINcLOWd2006-02-05ePurchasel3o005.72 NIEp000004577r2025-07-15 00:00:00s2012-01-24v270.00yBB